<?xml version="1.0" encoding="UTF-8"?><?xml-stylesheet type="text/xsl" href="static/style.xsl"?><OAI-PMH xmlns="http://www.openarchives.org/OAI/2.0/" xmlns:xsi="http://www.w3.org/2001/XMLSchema-instance" xsi:schemaLocation="http://www.openarchives.org/OAI/2.0/ http://www.openarchives.org/OAI/2.0/OAI-PMH.xsd"><responseDate>2026-04-27T15:22:41Z</responseDate><request verb="GetRecord" identifier="oai:riubu.ubu.es:10259/4669" metadataPrefix="marc">https://riubu.ubu.es/oai/request</request><GetRecord><record><header><identifier>oai:riubu.ubu.es:10259/4669</identifier><datestamp>2022-12-19T13:28:54Z</datestamp><setSpec>com_10259_4145</setSpec><setSpec>com_10259_5086</setSpec><setSpec>com_10259_2604</setSpec><setSpec>col_10259_4146</setSpec></header><metadata><record xmlns="http://www.loc.gov/MARC21/slim" xmlns:doc="http://www.lyncode.com/xoai" xmlns:xsi="http://www.w3.org/2001/XMLSchema-instance" xmlns:dcterms="http://purl.org/dc/terms/" xsi:schemaLocation="http://www.loc.gov/MARC21/slim http://www.loc.gov/standards/marcxml/schema/MARC21slim.xsd">
<leader>00925njm 22002777a 4500</leader>
<datafield tag="042" ind1=" " ind2=" ">
<subfield code="a">dc</subfield>
</datafield>
<datafield tag="720" ind1=" " ind2=" ">
<subfield code="a">Greca Dufranc, Ileana María</subfield>
<subfield code="e">author</subfield>
</datafield>
<datafield tag="720" ind1=" " ind2=" ">
<subfield code="a">Jerez Herrero, Ester</subfield>
<subfield code="e">author</subfield>
</datafield>
<datafield tag="260" ind1=" " ind2=" ">
<subfield code="c">2017-04</subfield>
</datafield>
<datafield tag="520" ind1=" " ind2=" ">
<subfield code="a">Este trabajo presenta una propuesta didáctica en Ciencias Naturales, basada en la metodología de la indagación,&#xd;
para un aula inclusiva. La propuesta, diseñada con las adaptaciones correspondientes para atender cada caso&#xd;
especial, fue implementada en una clase de tercero de primaria con 26 niños, 5 de ellos con necesidades&#xd;
educativas especiales (NEE). Los resultados muestran la viabilidad y beneficios para todos del uso de la&#xd;
indagación: todos los niños, incluyendo aquellos con NEE superaron los objetivos planteados, estableciéndose&#xd;
un alto grado de motivación y compromiso, aunque surgieron dificultades relacionadas con la dinámica del&#xd;
trabajo grupal.</subfield>
</datafield>
<datafield tag="520" ind1=" " ind2=" ">
<subfield code="a">This paper presents an inclusive didactic proposal in Natural Sciences, based on inquiry teaching. The proposal,&#xd;
 designed with the appropriate adaptations to meet each special case, was implemented in a third grade class with&#xd;
 26 children, 5 of them with special educational needs. The results show the feasibility and benefits for all of&#xd;
 using inquiry teaching: all children, including those with special needs, succeed in the objectives proposed. Also,&#xd;
 the students developed a high degree of motivation and commitment, although some difficulties arose related&#xd;
 with group work.</subfield>
</datafield>
<datafield tag="024" ind2=" " ind1="8">
<subfield code="a">1697-011X</subfield>
</datafield>
<datafield tag="024" ind2=" " ind1="8">
<subfield code="a">http://hdl.handle.net/10259/4669</subfield>
</datafield>
<datafield tag="024" ind2=" " ind1="8">
<subfield code="a">10.25267/Rev_Eureka_ensen_divulg_cienc.2017.v14.i2.07</subfield>
</datafield>
<datafield ind1=" " ind2=" " tag="653">
<subfield code="a">Indagación</subfield>
</datafield>
<datafield ind1=" " ind2=" " tag="653">
<subfield code="a">Educación inclusiva</subfield>
</datafield>
<datafield ind1=" " ind2=" " tag="653">
<subfield code="a">Ciencias Naturales</subfield>
</datafield>
<datafield ind1=" " ind2=" " tag="653">
<subfield code="a">Educación Primaria</subfield>
</datafield>
<datafield ind1=" " ind2=" " tag="653">
<subfield code="a">Inquiry teaching</subfield>
</datafield>
<datafield ind1=" " ind2=" " tag="653">
<subfield code="a">Inclusive education</subfield>
</datafield>
<datafield ind1=" " ind2=" " tag="653">
<subfield code="a">Science</subfield>
</datafield>
<datafield ind1=" " ind2=" " tag="653">
<subfield code="a">Primary School</subfield>
</datafield>
<datafield tag="245" ind1="0" ind2="0">
<subfield code="a">Propuesta para la enseñanza de Ciencias Naturales en Educación Primaria en un aula inclusiva</subfield>
</datafield>
</record></metadata></record></GetRecord></OAI-PMH>